000 00637nam a2200229Ia 4500
003 OSt
005 20220928115429.0
006 a|||||r|||| 00| 0
007 ta
008 220927b |||||||| |||| 00| 0 eng d
024 _a32018
037 _cTextual
040 _aSDCL
_cSDCL
_beng
041 _2eng
_aeng
082 _aX:9591.2'P, P2
100 _aKesiraju Krishnaphani Ed.
_9444260
245 0 _aPension Systems
_b A new focus
260 _aHyderabad
_bICFAI University
_c2002
300 _axi,194p
_ccm.
942 _hX:9591.2'P, P2
_cTEXL
_2CC
999 _c759369
_d759369